Loading...
| Current Events | 5 | 10.00 | 100% | 20% | 0% |
| Fine Arts - Classical Music | 9 | 13.33 | 89% | 33% | 11% |
| Fine Arts - Other Fine Arts | 4 | 17.50 | 100% | 50% | 25% |
| Fine Arts - Painting & Sculpture | 4 | 17.50 | 100% | 50% | 25% |
| Geography | 4 | 20.00 | 100% | 75% | 25% |
| History - American History | 9 | 14.44 | 100% | 56% | 11% |
| History - European History | 7 | 18.57 | 100% | 43% | 43% |
| History - Other History | 9 | 15.56 | 100% | 56% | 0% |
| History - World History | 7 | 17.14 | 86% | 86% | 0% |
| Literature - American Literature | 4 | 17.50 | 100% | 75% | 0% |
| Literature - British Literature | 4 | 12.50 | 100% | 25% | 0% |
| Literature - European Literature | 4 | 12.50 | 100% | 25% | 0% |
| Literature - World Literature | 5 | 14.00 | 100% | 40% | 0% |
| Mythology | 3 | 13.33 | 100% | 33% | 0% |
| Other Academic | 2 | 5.00 | 50% | 0% | 0% |
| Philosophy | 6 | 11.67 | 100% | 17% | 0% |
| Religion | 9 | 12.22 | 89% | 22% | 11% |
| Science - Biology | 7 | 8.57 | 57% | 29% | 0% |
| Science - Chemistry | 7 | 14.29 | 100% | 29% | 14% |
| Science - Other Science | 7 | 11.43 | 71% | 29% | 14% |
| Science - Physics | 6 | 13.33 | 100% | 17% | 17% |
| Social Science | 3 | 13.33 | 100% | 33% | 0% |